La cosmovisión religiosa andina en los documentos inéditos del Archivo Romano de la Compañía de Jesús: 1581-1752

Saved in:
Bibliografiske detaljer
Hovedforfatter: Polia Meconi, Mario (Author)
Format: Bog
Sprog:spansk
Udgivet: Lima Pontificia Universidad Católica del Perú 1999
Fag:
Tags: Tilføj Tag
Ingen Tags, Vær først til at tagge denne postø!

MARC

LEADER 00000nam a2200000 a 4500
001 UCN3349
003 CL-VaPUC
008 010622e19991100PE |||||||||||||||||spa|d
082 0 4 |a 271.53  |b POL  |2 21 
100 0 |a Polia Meconi, Mario  |e author  |9 459876 
245 1 3 |a La cosmovisión religiosa andina en los documentos inéditos del Archivo Romano de la Compañía de Jesús: 1581-1752 
300 |a 627 p 
942 |c BK 
945 |d 20010622 00:00:00  |a cmena 
260 |a Lima  |b Pontificia Universidad Católica del Perú  |c 1999 
600 0 7 |a COMPAÑIA DE JESUS  |2 CL-VaPUC  |9 318179 
650 0 |a Jesuitas  |9 268366 
650 0 |a Creencias religiosas   |9 373391 
650 0 |a Filosofía cristiana   |9 265980 
650 0 |a Archivos   |x Misioneros   |9 459877 
650 0 |a Costumbres y tradiciones   |9 268292 
650 7 |a MITOLOGIA PERUANA  |2 CL-VaPUC  |9 459878 
651 0 |a Perú  |9 256567 
583 |a last modification  |c 20010622 00:00:00  |k Rodrigo Vera 
999 |c 296265  |d 296263 
952 |0 0  |1 0  |4 0  |6 271_530000000000000_POL_1999  |7 0  |8 A  |9 349918  |a BIBART  |b BIBART  |d 2019-11-20  |i 3703991  |o 271.53 POL 1999  |p 3703991  |r 2025-03-13  |w 2019-11-20  |y BK  |k ART